Sciences cognitives textes fondateurs (1943-1950) (Record no. 7179)
[ view plain ]
| 000 -LEADER | |
|---|---|
| fixed length control field | 00578nam a2200193 4500 |
| 003 - CONTROL NUMBER IDENTIFIER | |
| control field | OSt |
| 005 - DATE AND TIME OF LATEST TRANSACTION | |
| control field | 20220518122644.0 |
| 008 - FIXED-LENGTH DATA ELEMENTS--GENERAL INFORMATION | |
| fixed length control field | s1995 fr fre u |
| 040 ## - CATALOGING SOURCE | |
| Original cataloging agency | LB-BrCRDP |
| 082 1# - DEWEY DECIMAL CLASSIFICATION NUMBER | |
| Classification number | 003.5 |
| Item number | Pél |
| 100 1# - MAIN ENTRY--PERSONAL NAME | |
| Personal name | Pélissier, Aline |
| 245 10 - TITLE STATEMENT | |
| Title | Sciences cognitives textes fondateurs (1943-1950) |
| Statement of responsibility, etc. | Aline Pélissier, Alain Tête |
| 260 ## - PUBLICATION, DISTRIBUTION, ETC. | |
| Place of publication, distribution, etc. | Paris |
| Name of publisher, distributor, etc. | Puf |
| Date of publication, distribution, etc. | 1995 |
| 490 0# - SERIES STATEMENT | |
| Series statement | Psychologie et sciences de la pensée |
| 650 ## - SUBJECT ADDED ENTRY--TOPICAL TERM | |
| Topical term or geographic name entry element | Sciences cognitives. |
| 9 (RLIN) | 75 |
| 700 1# - ADDED ENTRY--PERSONAL NAME | |
| Personal name | Tête, Alain |
| 942 ## - ADDED ENTRY ELEMENTS (KOHA) | |
| Koha item type | Books |
| Source of classification or shelving scheme | Dewey Decimal Classification |
| Withdrawn status | Lost status | Source of classification or shelving scheme | Damaged status | Not for loan | Home library | Current library | Shelving location | Date acquired | Source of acquisition | Cost, normal purchase price | Total Checkouts | Full call number | Barcode | Date last seen | Copy number | Price effective from | Koha item type |
|---|---|---|---|---|---|---|---|---|---|---|---|---|---|---|---|---|---|
| Dewey Decimal Classification | مكتبة دار المعلمين و المعلمات - بئر حسن | مكتبة دار المعلمين و المعلمات - بئر حسن | Salle de Lecture | 04/04/2006 | Ambassade de France | 0.00 | 003.5 Pél | CRB372 | 07/27/2016 | 1 | 07/27/2016 | Books |